Szczegóły MARC21

Konstytucja Republiki Cypryjskiej = Syntagma tīs Kypiakīs Dīmokratías /

003 -Nazwa inst., której nr kontr. jest w polu 001 [,]
    • @
    • Nazwa instytucji, której n kontrolny jest w polu 001
    • NUKAT
005 -DATA I CZAS OSTATNIEJ MODYFIKACJI [,]
    • @
    • pole kontrolne
    • 20241231100422.0
020 -Międzynarod. znormalizowany nr książki - ISBN [ , ]
    • a
    • Numer ISBN
    • 9788376662084 Find
040 -Instytucja sporządzająca opis [ , ]
    • a
    • Instytucja, która sporządziła opis (NP)
    • KAT U/MB
    • c
    • Instytucja, która sporządziła rekord (NP)
    • KAT U/MB
    • d
    • Instytucja, która zmodyfikowała rekord (P)
    • KAT U/MBs
041 -Język dokumentu [1, ]
    • a
    • Język tekstu (P)
    • polski
    • h
    • Język tekstu oryginalnego i/lub pośredniego (P)
    • grecki
942 -Rodzaj dokumentu [ , ]
    • c
    • Rodzaj dokumentu
    • Książka
245 -Strefa tytułu i oznaczenia odpowiedzialności [0,0]
    • a
    • Tytuł
    • Konstytucja Republiki Cypryjskiej = Find
    • b
    • Ciąg dalszy tytułu (NP)
    • Syntagma tīs Kypiakīs Dīmokratías / Find
    • c
    • Pozostałe elementy strefy tytułu i oznaczenia odpowiedzialności (NP)
    • tł. z jęz. grec.Leonidas i Pavlos Akritidis ; wstęp Przemysław Osiewicz.
246 -Wariant tytułu [3,1]
    • a
    • Tytuł (NP)
    • Syntagma tīs Kypiakīs Dīmokratías
260 -Strefa adresu wydawniczego [ , ]
    • a
    • Miejsce wydania (P)
    • Warszawa :
    • b
    • Nazwa wydawcy (P)
    • Wydawnictwo Sejmowe,
    • c
    • Data wydania (P)
    • 2013.
300 -Strefa opisu fizycznego [ , ]
    • a
    • Określenie formy książki i/lub objętość (NP)
    • 197 s. ;
    • c
    • Format (NP)
    • 20 cm.
336 -Typ zawartości [ , ]
    • a
    • Termin opisujący typ zawartości
    • Tekst
    • b
    • Kod określający zawartość
    • txt
    • 2
    • Źródło (terminu i kodu)
    • rdacontent
337 -Typ mediów [ , ]
    • a
    • Tryb odtwarzania
    • Bez urządzenia pośredniczącego
    • b
    • Kod typu mediów
    • n
    • 2
    • Źródło (terminu i kodu)
    • rdamedia
338 -Typ/rodzaj nośnika [ , ]
    • a
    • Hasło opisujące typ nośnika
    • Wolumin
    • b
    • Kod typu nośnika
    • nc
    • 2
    • Źródło (terminu i kodu)
    • rdacarrier
490 -Strefa serii i książki wielotomowej - forma nie do wyszukiwania [1, ]
    • a
    • Tytuł (P)
    • Konstytucje Świata / Biblioteka Sejmowa Find
830 -Hasło dodatkowe serii i opisu książki wielotomowej - tytuł ujednolicony/tytuł [ ,0]
    • a
    • Tytuł ujednolicony/tytuł (NP)
    • Konstytucje Świata - Biblioteka Sejmowa
    • 9
    • KHW
    • 45342
504 -Uwaga dot. bibliogr. załącznikowej [ , ]
    • a
    • Uwaga dot. bibliografii załącznikowej
    • Bibliogr. s. 191-194.
080 -Uniwersalna Klasyfikacja Dziesiętna [ , ]
    • 2
    • Identyfikator wydania tablic
    • UDC-P058
    • 9
    • UKD
    • 3424
    • a
    • Symbol klasyfikacji
    • 342.4
    • b
    • Dopowiedzenie
    • Konstytucje.
    • 4
    • UKD2
    • 17079
    • x
    • Poddział wspólny
    • (564.3)
    • c
    • Dopowiedzenie poddz. wspólnego
    • (Cypr).
651 -Hasło przedmiotowe w formie nazwy geograficznej [ ,7]
    • a
    • Nazwa geograficzna
    • Cypr
    • x
    • Określnik rzeczowy
    • konstytucja (1960).
    • 2
    • Źródło terminu
    • kaba
    • 9
    • KHW
    • 209753
980 -Symbol UKD [ , ]
    • a
    • UKD
    • 342.4(564.3)
700 -Hasło dodatkowe - nazwa osobowa [1, ]
    • a
    • Nazwa osobowa (NP)
    • Akritidis, Leonidas. Find
    • e
    • Określenie rodzaju współpracy
    • Tł.
    • 9
    • KHW
    • 54006
700 -Hasło dodatkowe - nazwa osobowa [1, ]
    • a
    • Nazwa osobowa (NP)
    • Akritidis, Pavlos. Find
    • e
    • Określenie rodzaju współpracy
    • Tł.
    • 9
    • KHW
    • 54007
700 -Hasło dodatkowe - nazwa osobowa [1, ]
    • a
    • Nazwa osobowa (NP)
    • Osiewicz, Przemysław Find
    • d
    • Daty biograficzne (NP)
    • (1979- ).
    • e
    • Określenie rodzaju współpracy
    • Wstęp
    • 9
    • KHW
    • 54008
710 -Hasło dodatkowe - nazwa ciała zbiorowego [2, ]
    • a
    • Nazwa ciała zbiorowego lub nazwa geograficzna jako pierwszy element (NP)
    • Wydawnictwo Sejmowe.
    • 4
    • Kod relacji
    • pbl
    • 9
    • KHW
    • 52829
920 -ISBN [ , ]
    • a
    • ISBN
    • 978-83-7666-208-4 Find
Sygnatura Lokalizacja Data inwentaryzacji Numer inwentarzowy Status udost.
SA.21792BSA2013-04-02SA.217921
SAM.1425BSA2015-12-16SAM.1425-3